[Event "Prague op-A 19th"]
[Site "Prague"]
[Date "2020.01.15"]
[Round "7"]
[White "Husa, Daniel"]
[Black "Jahoda, Ladislav"]
[Result "1/2-1/2"]
[WhiteElo "1841"]
[BlackElo "1890"]
[PlyCount "32"]
[EventDate "2020.01.10"]
[EventType "swiss"]
[EventRounds "9"]
[EventCountry "CZE"]
[SourceTitle "CBM 195 Extra"]
[Source "ChessBase"]
[SourceDate "2020.05.31"]
[SourceVersion "1"]
[SourceVersionDate "2020.05.31"]
[SourceQuality "1"]

1. d4 f5 2. Qd3 d5 3. Nf3 Nf6 4. c4 e6 5. Nc3 Be7 6. g3 0-0 7. Bg2 c6 8. 0-0 Ne4 9. Nd2 Nf6 10. b3 Nbd7 11. Bb2 a6 12. a4 Qe8 13. Ba3 Bxa3 14. Rxa3 Qh5 15. f3 Qh6 16. f4 Kh8 1/2-1/2

[Event "EU-ch U14"]
[Site "Bratislava"]
[Date "2019.08.05"]
[Round "4"]
[White "Husa, Daniel"]
[Black "Schouten, Mathias Lind"]
[Result "0-1"]
[WhiteElo "1819"]
[BlackElo "1958"]
[PlyCount "70"]
[EventDate "2019.08.02"]
[EventType "swiss"]
[EventRounds "9"]
[EventCountry "SVK"]
[SourceTitle "EXT 2020"]
[Source "ChessBase"]
[SourceDate "2019.10.17"]
[SourceVersion "1"]
[SourceVersionDate "2019.10.17"]
[SourceQuality "1"]

1. d4 Nf6 2. c4 c5 3. d5 b5 4. cxb5 a6 5. bxa6 Bxa6 6. Nc3 d6 7. g3 g6 8. Bg2 Bg7 9. Nf3 0-0 10. 0-0 Nbd7 11. Rb1 Ng4 12. Qc2 Bxc3 13. bxc3 Bc4 14. Qe4 Bxa2 15. Qxg4 Bxb1 16. Bh6 Bf5 17. Qh4 Re8 18. e4 Ra4 19. Bf4 e5 20. dxe6 Qxh4 21. Nxh4 Bxe6 22. Bxd6 Rea8 23. f4 Bc4 24. Rd1 Ra1 25. Rxa1 Rxa1+ 26. Kf2 Rc1 27. Bh3 Nf6 28. e5 Ne4+ 29. Ke3 Re1+ 30. Kf3 Bd5 31. Be7 Rc1 32. Ke2 Rc2+ 33. Kf3 Rxc3+ 34. Ke2 Bc4+ 35. Kd1 Nf2+ 0-1

[Event "EU-ch U12 26th"]
[Site "Prague"]
[Date "2016.08.26"]
[Round "8"]
[White "Aalto, Patrik"]
[Black "Husa, Daniel"]
[Result "1/2-1/2"]
[WhiteElo "1733"]
[BlackElo "1488"]
[PlyCount "82"]
[EventDate "2016.08.18"]
[EventType "swiss"]
[EventRounds "9"]
[EventCountry "CZE"]
[SourceTitle "CBM 174 Extra"]
[Source "ChessBase"]
[SourceDate "2016.10.10"]
[SourceVersion "1"]
[SourceVersionDate "2016.10.10"]
[SourceQuality "1"]

1. e4 e6 2. b3 d5 3. Bb2 dxe4 4. Nc3 Nf6 5. Qe2 Bb4 6. 0-0-0 Qe7 7. Nxe4 Ba3 8. Nxf6+ Qxf6 9. d4 Qe7 10. Nf3 a5 11. Ne5 a4 12. Nc4 Bxb2+ 13. Kxb2 axb3 14. cxb3 b5 15. Ne5 Qa3+ 16. Kb1 f6 17. Nd3 Nc6 18. Nc1 Nb4 19. Qb2 Qa5 20. Bd3 Nd5 21. Ne2 0-0 22. Be4 Bb7 23. h4 b4 24. Bxd5 Bxd5 25. f3 Ra7 26. Nc1 Ra6 27. Rd2 Rc8 28. Nd3 Qb5 29. Rc1 Rc6 30. Nc5 Re8 31. Nd3 Rd8 32. Nf4 Rdd6 33. Nxd5 Rxd5 34. Re1 Qb6 35. Red1 Rcd6 36. Kc1 Qc6+ 37. Kb1 Qd7 38. Kc1 Qc6+ 39. Rc2 Qd7 40. Rcd2 Qc6+ 41. Rc2 Qd7 1/2-1/2

[Event "EU-ch U12 26th"]
[Site "Prague"]
[Date "2016.08.22"]
[Round "5"]
[White "Husa, Daniel"]
[Black "Neumann, Filip"]
[Result "1-0"]
[WhiteElo "1488"]
[BlackElo "1812"]
[PlyCount "109"]
[EventDate "2016.08.18"]
[EventType "swiss"]
[EventRounds "9"]
[EventCountry "CZE"]
[SourceTitle "CBM 174 Extra"]
[Source "ChessBase"]
[SourceDate "2016.10.10"]
[SourceVersion "1"]
[SourceVersionDate "2016.10.10"]
[SourceQuality "1"]

1. d4 Nf6 2. Nd2 d5 3. e3 Bf5 4. c4 e6 5. Qb3 Qc8 6. Ngf3 c6 7. Be2 Bd6 8. 0-0 0-0 9. Bd3 Bg6 10. Qc2 Nbd7 11. Bxg6 hxg6 12. c5 Be7 13. Rb1 Qc7 14. a4 e5 15. h3 Rfe8 16. b4 exd4 17. exd4 Ne4 18. Re1 Ndf6 19. Nxe4 Nxe4 20. Nd2 Nxf2 21. Re2 Ne4 22. Nxe4 dxe4 23. Rxe4 Bf6 24. Bf4 Qd7 25. Rd1 Rxe4 26. Qxe4 Re8 27. Qd3 Qd5 28. Be3 Qe4 29. Qxe4 Rxe4 30. Kf2 Bh4+ 31. Kf3 f5 32. b5 Bf6 33. bxc6 bxc6 34. d5 cxd5 35. Rxd5 Rxa4 36. c6 Rc4 37. Rc5 Rxc5 38. Bxc5 Be5 39. Bxa7 Bc7 40. Be3 Kf7 41. Bf4 Bxf4 42. Kxf4 Ke6 43. Kg5 Kd6 44. Kxg6 f4 45. Kxg7 Kxc6 46. Kf6 Kd5 47. Kf5 Kd6 48. Kxf4 Ke6 49. Kg5 Kf7 50. g4 Kg7 51. h4 Kh7 52. Kf6 Kg8 53. g5 Kf8 54. g6 Kg8 55. g7 1-0

[Event "EU-ch U12 26th"]
[Site "Prague"]
[Date "2016.08.21"]
[Round "4"]
[White "Bilych, Olexiy"]
[Black "Husa, Daniel"]
[Result "1-0"]
[WhiteElo "1860"]
[BlackElo "1488"]
[PlyCount "61"]
[EventDate "2016.08.18"]
[EventType "swiss"]
[EventRounds "9"]
[EventCountry "CZE"]
[SourceTitle "CBM 174 Extra"]
[Source "ChessBase"]
[SourceDate "2016.10.10"]
[SourceVersion "1"]
[SourceVersionDate "2016.10.10"]
[SourceQuality "1"]

1. e4 c6 2. d4 d5 3. exd5 cxd5 4. c4 dxc4 5. Bxc4 Nf6 6. Nc3 g6 7. Nf3 Bg7 8. h3 0-0 9. 0-0 Qc7 10. Bb3 a6 11. Bg5 Bd7 12. Re1 e6 13. Ne5 Nc6 14. Rc1 Qd6 15. Bxf6 Bh6 16. Ne4 Qxd4 17. Nxc6 Qxf6 18. Nxf6+ Kg7 19. Nxd7 Rfe8 20. Qd4+ Kg8 21. Nf6+ Kf8 22. Nxh7+ Kg8 23. Nf6+ Kf8 24. Qd6+ Kg7 25. Nxe8+ Rxe8 26. Ne5 Rf8 27. Rc7 Bf4 28. Bxe6 Kh6 29. Ng4+ Kg7 30. Qxf4 b5 31. Qh6+ 1-0

[Event "Prague Golden op 11th"]
[Site "Prague"]
[Date "2015.06.22"]
[Round "3"]
[White "Kucera, Tomas"]
[Black "Husa, Daniel"]
[Result "1-0"]
[WhiteElo "2016"]
[BlackElo "1381"]
[PlyCount "61"]
[EventDate "2015.06.21"]
[EventType "swiss"]
[EventRounds "9"]
[EventCountry "CZE"]
[SourceTitle "CBM 167 Extra"]
[Source "ChessBase"]
[SourceDate "2015.09.14"]
[SourceVersion "1"]
[SourceVersionDate "2015.09.14"]
[SourceQuality "1"]

1. e4 e5 2. Nf3 Nc6 3. d4 exd4 4. c3 dxc3 5. Bc4 cxb2 6. Bxb2 d5 7. exd5 Na5 8. Qa4+ c6 9. dxc6 Nxc6 10. 0-0 Nf6 11. Ng5 Qc7 12. Bxf7+ Ke7 13. Ba3+ Kd8 14. Rd1+ Bd6 15. Rxd6+ Qxd6 16. Bxd6 Bd7 17. Nc3 h6 18. Nf3 Ne5 19. Qa5+ b6 20. Qxe5 Ne8 21. Be7+ Kc8 22. Nd5 Kb7 23. Bxe8 Bxe8 24. Qc7+ Ka6 25. Nb4+ Ka5 26. Qe5+ Ka4 27. Qe2 Bb5 28. Qb2 Bc4 29. Nc6 a5 30. Nfd4 Rhe8 31. Qa3# 1-0